TOP 10 - Beste Deutsche Meister (nach Punkten) #2 - Statistiken

Allgemein
  • Dieses Quiz wurde 39 mal gespielt
  • Das Durchschnittsergebnis liegt bei 8 aus 10
Antwortstatistiken
Rang Saison Punkte Verein % Korrekt
1 2012/13 91 FC Bayern München
100%
2 2013/14 90 FC Bayern München
94%
4 2015/16 88 FC Bayern München
89%
6 2016/17 82 FC Bayern München
89%
7 2019/20 82 FC Bayern München
89%
3 2023/24 90 Bayer 04 Leverkusen
86%
5 2017/18 84 FC Bayern München
86%
8 2011/12 81 Borussia Dortmund
69%
9 2014/15 79 FC Bayern München
57%
10 mehrere* 78 FC Bayern München
43%
Keine übereinstimmenden Quizze gefunden
Verteilung der Resultate
Anzahl Personen mit jedem Resultat
Perzentil nach korrekt beantworteten Fragen
Ihre Resultats-Entwicklung
Sie haben dieses Quiz noch nicht gespielt